[Event "Lalevitch 2011"]
[Site "CRELEL"]
[Date "2011.09.16"]
[Round "2"]
[White "Monticelli, Romain"]
[Black "Renard, Alain"]
[Result "1/2-1/2"]
[WhiteElo "1761"]
[BlackElo "1567"]
[PlyCount "83"]
[EventDate "2011.??.??"]

1. d4 f5 2. c4 Nf6 3. Nc3 e6 4. Nf3 Be7 5. Bf4 O-O 6. e3 d6 7. Bd3 Nbd7 8. h3
c5 9. g4 cxd4 10. exd4 g6 11. Bh6 Re8 12. Ng5 Bf8 13. Bxf8 Nxf8 14. gxf5 exf5+
15. Kd2 Qb6 16. Nb5 a6 17. Qb3 Kg7 18. c5 dxc5 19. dxc5 Qa5+ 20. Nc3 Ne4+ 21.
Bxe4 Qd8+ 22. Kc2 Qxg5 23. Bf3 Ne6 24. Rad1 Qf4 25. Ne2 Qe5 26. Rd5 Qf6 27. Qb6
Qe7 28. Rhd1 Ng5 29. c6 bxc6 30. Qxc6 Ra7 31. Qc3+ Kh6 32. Qd2 Kg7 33. Ng1 Nxf3
34. Nxf3 Qe4+ 35. Qd3 Qa4+ 36. Qb3 Re2+ 37. R1d2 Rc7+ 38. Kb1 Qe4+ 39. Qd3
Qxd3+ 40. R5xd3 Rxd2 41. Nxd2 Bb7 42. b3 1/2-1/2

[Event "Lalevitch 2011"]
[Site "CRELEL"]
[Date "2011.10.21"]
[Round "6"]
[White "Leurquin, Benjamin"]
[Black "Roubin, Sandra"]
[Result "1-0"]
[WhiteElo "1639"]
[BlackElo "1378"]
[PlyCount "23"]
[EventDate "2011.??.??"]

1. e4 e5 2. Nf3 Nc6 3. d4 exd4 4. Bc4 Be7 5. O-O d6 6. Nxd4 Bd7 7. Qh5 Ne5 8.
Bb3 Bg4 9. Bxf7+ Kd7 10. Be6+ Bxe6 11. Nxe6 Kxe6 12. Qf5# 1-0

[Event "Lalevitch 2011"]
[Site "CRELEL"]
[Date "2011.09.16"]
[Round "2"]
[White "Alessi, David"]
[Black "Sauvage, Eric"]
[Result "0-1"]
[WhiteElo "1695"]
[BlackElo "2058"]
[PlyCount "108"]
[EventDate "2011.??.??"]

1. e4 c5 2. Bc4 Nc6 3. Nc3 d6 4. a3 g6 5. Nf3 Bg7 6. d3 Nf6 7. O-O Bg4 8. h3
Bxf3 9. Qxf3 Ne5 10. Qe2 Nxc4 11. dxc4 O-O 12. f4 Nh5 13. Qf3 Bd4+ 14. Kh1 e6
15. Ne2 Bg7 16. g4 Nf6 17. Ng3 Nd7 18. Rd1 Nb6 19. Qd3 Qc7 20. f5 Be5 21. Ne2
Rad8 22. Bh6 Rfe8 23. c3 d5 24. cxd5 exd5 25. exd5 Nxd5 26. fxg6 hxg6 27. Qf3
Qc6 28. Rd2 Ne7 29. Qxc6 Nxc6 30. Rad1 Rxd2 31. Rxd2 Re7 32. Kg2 b6 33. Bf4 Kg7
34. Bxe5+ Nxe5 35. Nf4 Nc4 36. Rf2 Re1 37. Nd3 Rd1 38. Nf4 Kh6 39. Kh2 Kg5 40.
Kg3 Rg1+ 41. Ng2 f5 42. a4 fxg4 43. h4+ Kh5 44. Rf7 g5 45. hxg5 Ne3 46. Rxa7
Rxg2+ 47. Kf4 Nd5+ 48. Kf5 Rf2+ 49. Ke5 g3 50. Kxd5 g2 51. g6 g1=Q 52. g7 Rg2
53. Kc6 Rg6+ 54. Kb5 Qf1+ 0-1

[Event "Lalevitch 2011"]
[Site "CRELEL"]
[Date "2011.11.18"]
[Round "8"]
[White "Stefani, Philippe"]
[Black "Sauvage, Eric"]
[Result "1/2-1/2"]
[WhiteElo "1613"]
[BlackElo "2058"]
[PlyCount "65"]
[EventDate "2011.??.??"]

1. e4 c5 2. d4 cxd4 3. c3 dxc3 4. Nxc3 e6 5. Bc4 Ne7 6. Bg5 f6 7. Bf4 Ng6 8.
Bg3 Be7 9. f4 Nc6 10. Nf3 Qb6 11. Qd2 Na5 12. Be2 O-O 13. Bf2 Qd8 14. O-O Bb4
15. Rac1 Kh8 16. h4 d5 17. h5 dxe4 18. Nd4 Ne7 19. Qc2 Bxc3 20. Qxc3 Nd5 21.
Qg3 Bd7 22. Bg4 f5 23. Be2 Qe7 24. a3 e3 25. Bxe3 Nxe3 26. Qxe3 Nc6 27. Nf3 e5
28. fxe5 Rae8 29. Qd2 Nxe5 30. Nxe5 Qxe5 31. Bf3 Bc6 32. Bxc6 bxc6 33. Rxc6
1/2-1/2

[Event "Lalevitch 2011"]
[Site "CRELEL"]
[Date "2011.10.14"]
[Round "5"]
[White "Vagner, Fabian"]
[Black "Sauvage, Eric"]
[Result "1-0"]
[WhiteElo "2058"]
[BlackElo "1845"]
[PlyCount "45"]
[EventDate "2011.??.??"]

1. d4 d5 2. Nf3 Nf6 3. e3 Bf5 4. Bd3 Bxd3 5. Qxd3 c6 6. Nbd2 Nbd7 7. O-O e6 8.
e4 dxe4 9. Nxe4 Nxe4 10. Qxe4 Nf6 11. Qe2 Be7 12. Bf4 O-O 13. c3 Qd5 14. Rfe1
Rfe8 15. Be5 b5 16. b3 a6 17. Rad1 Qd7 18. Bxf6 Bxf6 19. Ne5 Bxe5 20. dxe5 Qc7
21. Rd6 Red8 22. Red1 Rxd6 23. exd6 1-0

[Event "Lalevitch 2011"]
[Site "CRELEL"]
[Date "2011.10.07"]
[Round "4"]
[White "Barbier, Frederic"]
[Black "Sferruggia, Serge"]
[Result "1-0"]
[WhiteElo "1768"]
[BlackElo "1534"]
[PlyCount "45"]
[EventDate "2011.??.??"]

1. e4 e5 2. Nf3 Nc6 3. Bc4 Nf6 4. d3 d5 5. exd5 Nxd5 6. O-O Bc5 7. Ng5 O-O 8.
Qh5 Bf5 9. Ne4 Bg6 10. Qd1 Bb6 11. Bg5 Qd7 12. Nbd2 Nf4 13. Ng3 Nd4 14. Nde4 h6
15. Bxf4 exf4 16. Ne2 f3 17. Nxd4 fxg2 18. Re1 Bxd4 19. c3 Be5 20. Qf3 Bf5 21.
Nc5 Qd6 22. Qxf5 Bxh2+ 23. Kxg2 1-0

[Event "Lalevitch 2011"]
[Site "CRELEL"]
[Date "2011.12.02"]
[Round "9"]
[White "Demblon, Jean-Luc"]
[Black "Sferruggia, Serge"]
[Result "1-0"]
[WhiteElo "1671"]
[BlackElo "1534"]
[PlyCount "59"]
[EventDate "2011.??.??"]

1. e4 e5 2. Nf3 Nc6 3. Bc4 Bc5 4. Nc3 Nf6 5. d3 O-O 6. Bg5 Be7 7. a3 d6 8. h3
Bd7 9. O-O Qc8 10. Ne2 Bxh3 11. gxh3 Qxh3 12. Ng3 Ng4 13. Bxe7 Nd4 14. Re1 Rfe8
15. Bxf7+ Kh8 16. Bxe8 Rxe8 17. c3 Ne6 18. Qe2 Nf4 19. Qf1 Qh6 20. Bh4 g5 21.
Nf5 Qg6 22. Bg3 Qh5 23. Bxf4 gxf4 24. N5h4 Rg8 25. Qh3 Ne3+ 26. Kh1 Ng4 27. Re2
Qh6 28. Rg1 Qe6 29. Rxg4 Rxg4 30. Re1 1-0

[Event "Lalevitch 2011"]
[Site "CRELEL"]
[Date "2011.10.21"]
[Round "6"]
[White "Depaz, Jean-Marc"]
[Black "Sferruggia, Serge"]
[Result "1-0"]
[WhiteElo "1682"]
[BlackElo "1534"]
[PlyCount "81"]
[EventDate "2011.??.??"]

1. e4 e5 2. Nf3 Nc6 3. d4 exd4 4. Nxd4 Bc5 5. Nxc6 Qf6 6. Qf3 Qxc6 7. Nc3 Nf6
8. Bb5 Qe6 9. O-O O-O 10. Bf4 c6 11. Ba4 d6 12. h3 Re8 13. Rfe1 Qe7 14. e5 Nd7
15. exd6 Qf8 16. Bb3 Nf6 17. Be5 Nd7 18. Bf4 Nb6 19. Rxe8 Qxe8 20. Ne4 Bd4 21.
c3 Bf6 22. Nxf6+ gxf6 23. Qg3+ Kh8 24. Bh6 Qg8 25. Qf4 Qg6 26. Bc2 f5 27. Re1
Bd7 28. Bb3 Rg8 29. g3 Nc8 30. Qe5+ Rg7 31. Bxg7+ Qxg7 32. Qxg7+ Kxg7 33. Rd1
Kf6 34. f4 b5 35. c4 a6 36. cxb5 axb5 37. a4 bxa4 38. Bxa4 Nb6 39. Bxc6 Bxc6
40. d7 Bxd7 41. Rd6+ 1-0

[Event "Lalevitch 2011"]
[Site "CRELEL"]
[Date "2011.09.16"]
[Round "2"]
[White "Hardy, Roger"]
[Black "Sferruggia, Serge"]
[Result "0-1"]
[WhiteElo "1293"]
[BlackElo "1534"]
[PlyCount "62"]
[EventDate "2011.??.??"]

1. e4 e5 2. Nf3 Nc6 3. d4 exd4 4. Bc4 Nf6 5. e5 d5 6. Bb5 Ne4 7. Nxd4 Bd7 8.
Bxc6 bxc6 9. O-O Be7 10. f3 Ng5 11. f4 Ne4 12. Nd2 Nxd2 13. Qxd2 O-O 14. a4 c5
15. Nb3 Bf5 16. Qf2 d4 17. Rd1 Qc8 18. c3 Rb8 19. Nd2 Bc2 20. Re1 Rd8 21. Nc4
Bd3 22. Na5 Qa6 23. Qf3 Rb6 24. c4 Qxa5 25. Rd1 Bxc4 26. Bd2 Qa6 27. Qa3 Rdb8
28. Rab1 Bd5 29. f5 Qe2 30. Qg3 Rb3 31. Qg4 Qxg4 0-1

[Event "Lalevitch 2011"]
[Site "CRELEL"]
[Date "2011.10.28"]
[Round "7"]
[White "Wilket, Andre"]
[Black "Sferruggia, Serge"]
[Result "0-1"]
[WhiteElo "1449"]
[BlackElo "1334"]
[PlyCount "92"]
[EventDate "2011.??.??"]

1. d4 Nf6 2. c4 e6 3. Nf3 Be7 4. Nc3 d5 5. Qc2 Nbd7 6. e4 dxe4 7. Nxe4 Nxe4 8.
Qxe4 Nf6 9. Qc2 b6 10. Bd3 Bb7 11. Qe2 O-O 12. Bd2 Qd7 13. Bc3 Qc6 14. O-O-O
Ne4 15. Bxe4 Qxe4 16. Qd2 Qf5 17. Qe3 Be4 18. Rhe1 Bb1 19. Rd2 Bxa2 20. Qe4
Qxe4 21. Rxe4 Bxc4 22. Re1 a5 23. Ne5 Bd5 24. f4 a4 25. Kc2 Bb3+ 26. Kd3 a3 27.
Ra1 axb2 28. Bxb2 Bb4 29. Re2 Ba4 30. Ke4 f6 31. Nf3 Bc6+ 32. Ke3 Ra4 33. Rc2
Rxa1 34. Bxa1 Bxf3 35. Kxf3 Bd6 36. Re2 Kf7 37. g4 Ra8 38. Bc3 Ra3 39. Rc2 Bb4
40. Ke4 Rxc3 41. Rb2 c5 42. f5 Rc4 43. fxe6+ Kxe6 44. Ke3 Rxd4 45. Re2 Kd5 46.
Kf3 c4 0-1

[Event "Lalevitch 2011"]
[Site "CRELEL"]
[Date "2011.12.02"]
[Round "9"]
[White "Barbier, Frederic"]
[Black "Stefani, Philippe"]
[Result "0-1"]
[WhiteElo "1769"]
[BlackElo "1613"]
[PlyCount "86"]
[EventDate "2011.??.??"]

1. c4 f5 2. Nc3 Nf6 3. Nf3 e6 4. d4 d5 5. Bf4 c6 6. cxd5 exd5 7. a3 Bd6 8. Be5
O-O 9. e3 Qc7 10. Rc1 a6 11. Bxf6 Rxf6 12. Nxd5 Qa5+ 13. Nc3 b5 14. Bd3 Bb7 15.
Qb3+ Kh8 16. Ng5 Qc7 17. f4 Qe7 18. Kf2 Nd7 19. Qc2 Raf8 20. Ne2 c5 21. dxc5
Bxc5 22. Nd4 Bxd4 23. exd4 Qd6 24. Nf3 Bxf3 25. Kxf3 Qxd4 26. Rhe1 h6 27. Qc3
Qd5+ 28. Kf2 Rd6 29. Re7 Nf6 30. Bb1 Ng4+ 31. Kf1 Nxh2+ 32. Kg1 Rg6 33. g3 Nf3+
34. Kf2 Nh2 35. Kg1 Ng4 36. Qc5 Qf3 37. Rc3 Qd1+ 38. Kg2 Qxb1 39. Re1 Qxb2+ 40.
Kf3 Nh2+ 41. Ke3 Rxg3+ 42. Kd4 Rd8+ 43. Ke5 Qxc3+ 0-1

[Event "Lalevitch 2011"]
[Site "CRELEL"]
[Date "2011.09.30"]
[Round "3"]
[White "Poljakovic, Sejfudin"]
[Black "Stefani, Philippe"]
[Result "0-1"]
[WhiteElo "1951"]
[BlackElo "1613"]
[PlyCount "84"]
[EventDate "2011.??.??"]

1. d4 Nf6 2. Bg5 Ne4 3. Bf4 c5 4. f3 Qa5+ 5. c3 Nf6 6. e3 cxd4 7. exd4 g6 8.
Nd2 d5 9. g4 Bg7 10. h4 O-O 11. h5 Qb6 12. Nb3 Nc6 13. Qd2 e5 14. dxe5 Re8 15.
hxg6 fxg6 16. O-O-O Nxe5 17. g5 Nh5 18. Be3 Qc7 19. Qh2 Qf7 20. Bg2 Bf5 21. Bf1
Nxf3 22. Nxf3 Rxe3 23. Nh4 Bg4 24. Qg1 Rg3 25. Bg2 Bxd1 26. Qxd1 Qf4+ 27. Kb1
Rd8 28. Nc5 Qg4 29. Bf3 Rxf3 30. Nxf3 b6 31. Rh4 Qf5+ 32. Nd3 Re8 33. Kc2 Re3
34. Nfe1 Qxg5 35. Rh2 d4 36. Qd2 dxc3 37. bxc3 Qe7 38. Nb4 Rxe1 39. Nd5 Qe4+
40. Kb3 Rb1+ 41. Ka3 Bf8+ 42. Nb4 a5 0-1

[Event "Lalevitch 2011"]
[Site "CRELEL"]
[Date "2011.10.28"]
[Round "7"]
[White "Renard, Alain"]
[Black "Stefani, Philippe"]
[Result "0-1"]
[WhiteElo "1567"]
[BlackElo "1613"]
[PlyCount "58"]
[EventDate "2011.??.??"]

1. e4 g6 2. d4 Bg7 3. f4 d6 4. Nf3 c5 5. d5 Nh6 6. Be2 O-O 7. O-O Bg4 8. Ng5
Bd7 9. Nc3 Qc8 10. h3 Kh8 11. Kh1 Na6 12. Bc4 Nc7 13. a4 a6 14. Be3 b5 15. axb5
axb5 16. Be2 b4 17. Na4 Rxa4 18. Rxa4 Bxa4 19. b3 Bb5 20. e5 Bxe2 21. Qxe2 Nxd5
22. Bd2 Nf5 23. Kh2 h6 24. Nf3 Qe6 25. g4 Nd4 26. Nxd4 cxd4 27. Ra1 dxe5 28.
Ra6 Qc8 29. fxe5 Qxc2 0-1

[Event "Lalevitch 2011"]
[Site "CRELEL"]
[Date "2011.10.28"]
[Round "7"]
[White "Barbier, Frederic"]
[Black "Szigetvari, Andre"]
[Result "1-0"]
[WhiteElo "1769"]
[BlackElo "1672"]
[PlyCount "99"]
[EventDate "2011.??.??"]

1. c4 c5 2. g3 Nf6 3. Nc3 e6 4. e4 d6 5. Bg2 Be7 6. Nge2 a6 7. d4 cxd4 8. Nxd4
Qc7 9. Qe2 Bd7 10. O-O Nc6 11. Nxc6 Bxc6 12. Be3 O-O 13. Rfd1 Rac8 14. Rac1
Rfd8 15. a3 Qa5 16. Bd4 Qc7 17. b4 b6 18. b5 axb5 19. cxb5 Bb7 20. Na2 Qb8 21.
Bxb6 Rxc1 22. Rxc1 Rc8 23. Rxc8+ Qxc8 24. a4 Qa8 25. Nc3 Nd7 26. Bd4 Nc5 27.
Bxc5 dxc5 28. f4 Bd8 29. e5 Ba5 30. Bxb7 Qxb7 31. Qe4 Qa7 32. Ne2 g6 33. Kg2
Bb4 34. Qc2 Qb7+ 35. Kh3 h5 36. Qd3 Ba5 37. Nc3 Kg7 38. Ne4 Qd5 39. Qxd5 exd5
40. Nxc5 Kf8 41. b6 Ke7 42. b7 Bc7 43. Na6 Kd7 44. b8=Q Bxb8 45. Nxb8+ Kc7 46.
Na6+ Kb6 47. Nb4 d4 48. Kg2 Kc5 49. Nd3+ Kc4 50. Nf2 1-0

[Event "Lalevitch 2011"]
[Site "CRELEL"]
[Date "2011.09.30"]
[Round "3"]
[White "Champt, Victor"]
[Black "Szigetvari, Andre"]
[Result "0-1"]
[WhiteElo "1354"]
[BlackElo "1672"]
[PlyCount "68"]
[EventDate "2011.??.??"]

1. e4 c5 2. c3 Nf6 3. e5 Nd5 4. Bc4 Nb6 5. Be2 d5 6. d4 Qc7 7. Nf3 Bf5 8. Be3
e6 9. O-O Be7 10. Nbd2 O-O 11. Rc1 c4 12. Re1 Nc6 13. b3 Ba3 14. bxc4 Bxc1 15.
Qxc1 dxc4 16. Nxc4 Nxc4 17. Bxc4 Nxe5 18. Nxe5 f6 19. Bxe6+ Bxe6 20. Nf3 Bxa2
21. Bf4 Qc6 22. Nh4 Rfe8 23. Nf5 Qd7 24. Ne3 b5 25. Qd1 Bd5 26. Qh5 Bf7 27. Qf3
a5 28. Rd1 Bb3 29. Rc1 a4 30. d5 a3 31. Ra1 a2 32. Qg3 Bxd5 33. Bh6 Bb3 34. h3
Kh8 0-1

[Event "Lalevitch 2011"]
[Site "CRELEL"]
[Date "2011.11.18"]
[Round "8"]
[White "Sferruggia, Serge"]
[Black "Szigetvari, Andre"]
[Result "1-0"]
[WhiteElo "1534"]
[BlackElo "1672"]
[PlyCount "81"]
[EventDate "2011.??.??"]

1. e4 c5 2. Nf3 d6 3. d4 cxd4 4. Nxd4 Nf6 5. Nc3 a6 6. Be2 e5 7. Nf3 h6 8. O-O
Be6 9. Be3 Be7 10. Qd2 O-O 11. Rad1 b5 12. a3 Qc7 13. Nh4 Nbd7 14. Nf5 Bxf5 15.
exf5 Nb6 16. Bxb6 Qxb6 17. Nd5 Nxd5 18. Qxd5 Rac8 19. Bd3 Rc5 20. Qe4 f6 21. b4
Rc3 22. Qd5+ Kh8 23. Ra1 Qc6 24. Qxc6 Rxc6 25. a4 d5 26. axb5 axb5 27. Bxb5 Rb6
28. c4 Bxb4 29. Ra7 d4 30. Rd7 Rd6 31. Rxd6 Bxd6 32. Rd1 Bc5 33. Bc6 Kh7 34.
Kf1 h5 35. Ke2 g6 36. fxg6+ Kxg6 37. Rd3 f5 38. Rg3+ Kf6 39. Bd5 e4 40. Rh3 Ra8
41. Bxa8 1-0

[Event "Lalevitch 2011"]
[Site "CRELEL"]
[Date "2011.10.28"]
[Round "7"]
[White "Marchal, Georges"]
[Black "Terfve, Robert"]
[Result "0-1"]
[WhiteElo "1424"]
[BlackElo "1458"]
[PlyCount "51"]
[EventDate "2011.??.??"]

1. e4 c5 2. d4 cxd4 3. Nf3 Nc6 4. c3 d3 5. Bxd3 d6 6. O-O Bg4 7. c4 e5 8. Be3
Be7 9. Nbd2 Nf6 10. Qb3 Qd7 11. Rac1 b6 12. h3 Bh5 13. Nh2 O-O 14. f4 exf4 15.
Rxf4 Ne5 16. Bb1 Rac8 17. Ndf3 Qc6 18. Nd4 Qb7 19. Nf5 Ng6 20. Nxe7+ Qxe7 21.
Rxf6 Qxf6 22. g4 Bxg4 23. Nxg4 Qf3 24. Kh2 Nf4 25. Bxf4 Qxf4+ 26. Kg2 0-1

[Event "Lalevitch 2011"]
[Site "CRELEL"]
[Date "2011.10.07"]
[Round "4"]
[White "Pirson, Andre"]
[Black "Terfve, Robert"]
[Result "0-1"]
[WhiteElo "1271"]
[BlackElo "1458"]
[PlyCount "37"]
[EventDate "2011.??.??"]

1. c4 e5 2. Nc3 Nf6 3. Nf3 Nc6 4. g3 Bc5 5. Bg2 d6 6. O-O Be6 7. d3 O-O 8. b3
Qd7 9. Bb2 a6 10. Na4 Ba7 11. Qd2 Bh3 12. Bxh3 Qxh3 13. Ng5 Qh5 14. Kg2 Ng4 15.
h3 Nxf2 16. Rxf2 Bxf2 17. Kxf2 h6 18. Nf3 Qxh3 19. Rg1 0-1

[Event "Lalevitch 2011"]
[Site "CRELEL"]
[Date "2011.12.02"]
[Round "9"]
[White "Renard, Alain"]
[Black "Terfve, Robert"]
[Result "1-0"]
[WhiteElo "1567"]
[BlackElo "1458"]
[PlyCount "65"]
[EventDate "2011.??.??"]

1. e4 c5 2. Nc3 d6 3. g3 Nc6 4. Bg2 Nf6 5. d3 e6 6. f4 Be7 7. Nge2 Bd7 8. O-O
O-O 9. h3 Qc8 10. g4 Ne8 11. Ng3 Bh4 12. Nce2 Nd4 13. c3 Nxe2+ 14. Nxe2 Bc6 15.
d4 cxd4 16. Nxd4 Bd7 17. Nf3 Be7 18. Be3 f5 19. exf5 exf5 20. g5 g6 21. Nd4 Ng7
22. Qe2 Re8 23. Rad1 Ne6 24. Bd5 Kf8 25. Qf2 Bd8 26. Qh4 Re7 27. Qh6+ Rg7 28.
Nxe6+ Bxe6 29. Bd4 Bxd5 30. Qxg7+ Ke8 31. Rfe1+ Be7 32. Bf6 Qc5+ 33. Rd4 1-0

[Event "Lalevitch 2011"]
[Site "CRELEL"]
[Date "2011.10.21"]
[Round "6"]
[White "Gerard, Olivier"]
[Black "Thirion, Christian"]
[Result "1/2-1/2"]
[WhiteElo "1150"]
[BlackElo "1265"]
[PlyCount "33"]
[EventDate "2011.??.??"]

1. d4 d5 2. c4 e6 3. Bd2 Nf6 4. Nc3 Be7 5. Qc2 a6 6. e4 c6 7. e5 Nh5 8. Be2 g6
9. Bh6 Bg5 10. Bxg5 Qxg5 11. Nf3 Qh6 12. O-O O-O 13. cxd5 exd5 14. h4 Nf4 15.
Ng5 f6 16. exf6 Rxf6 17. g3 1/2-1/2

[Event "Lalevitch 2011"]
[Site "CRELEL"]
[Date "2011.09.30"]
[Round "3"]
[White "Zoumis, Dori"]
[Black "Thirion, Christian"]
[Result "0-1"]
[WhiteElo "1048"]
[BlackElo "1265"]
[PlyCount "50"]
[EventDate "2011.??.??"]

1. e4 d5 2. Nc3 d4 3. Nd5 e6 4. Nf4 e5 5. Nd3 Nc6 6. c3 Bd6 7. b4 Nf6 8. Qf3
Bg4 9. Qg3 Qd7 10. Be2 O-O-O 11. Bb2 dxc3 12. Bxc3 Bxe2 13. Nxe2 g6 14. Qf3 Nh5
15. b5 Nd4 16. Nxd4 exd4 17. Bxd4 Rhe8 18. b6 axb6 19. Nb2 f5 20. O-O Rxe4 21.
Bxb6 cxb6 22. Qd1 Rde8 23. Na4 Nf4 24. Nxb6+ Kc7 25. Nxd7 Kxd7 0-1

[Event "Lalevitch 2011"]
[Site "CRELEL"]
[Date "2011.10.07"]
[Round "4"]
[White "Depaz, Jean-Marc"]
[Black "Vagner, Fabian"]
[Result "0-1"]
[WhiteElo "1687"]
[BlackElo "1845"]
[PlyCount "92"]
[EventDate "2011.??.??"]

1. e4 d6 2. d4 Nf6 3. Nc3 g6 4. f3 Bg7 5. Be3 c6 6. Qd2 h6 7. g4 h5 8. g5 Nh7
9. f4 Qa5 10. Nf3 Bg4 11. Nh4 Nf8 12. Bg2 Nbd7 13. O-O Nb6 14. f5 Nc4 15. Qc1
Nxe3 16. Qxe3 Qb4 17. e5 gxf5 18. h3 dxe5 19. dxe5 Bxh3 20. Qxh3 Bxe5 21. Qxf5
Bd4+ 22. Kh1 Rh7 23. g6 Bxc3 24. gxf7+ Kd8 25. Ng6 Nxg6 26. bxc3 Qh4+ 27. Kg1
Nf8 28. Rfd1+ Kc7 29. Qe5+ Kc8 30. Qa5 b6 31. Qf5+ e6 32. Qd3 Kb7 33. Qd6 Rc8
34. Rab1 Rxf7 35. Rd2 Rd7 36. Qxd7+ Nxd7 37. Rxd7+ Rc7 38. Rbd1 Qg5 39. Kh1 b5
40. R7d6 e5 41. Rb1 Kb6 42. Rf1 e4 43. Re6 Re7 44. Rd6 Rg7 45. Rf2 Qg3 46. Rdf6
h4 0-1

[Event "Lalevitch 2011"]
[Site "CRELEL"]
[Date "2011.09.16"]
[Round "2"]
[White "Stefani, Philippe"]
[Black "Vagner, Fabian"]
[Result "1-0"]
[WhiteElo "1613"]
[BlackElo "1845"]
[PlyCount "65"]
[EventDate "2011.??.??"]

1. d4 Nf6 2. c4 c5 3. d5 g6 4. Nc3 Bg7 5. e4 d6 6. Bd3 Na6 7. Nge2 O-O 8. O-O
Ng4 9. Bg5 Nc7 10. Rc1 Rb8 11. Qd2 a6 12. a4 Bd7 13. f4 Qe8 14. h3 Nf6 15. e5
dxe5 16. fxe5 Nh5 17. g4 Bxe5 18. gxh5 Bxh3 19. hxg6 Qd7 20. gxh7+ Kh8 21. Rf3
f6 22. Bh6 Rg8+ 23. hxg8=Q+ Rxg8+ 24. Kf2 Rg2+ 25. Ke1 e6 26. Qe3 exd5 27. Nxd5
Nxd5 28. cxd5 Qc7 29. Rxc5 Qd8 30. Rc4 Rg8 31. Rh4 Bg3+ 32. Nxg3 Rxg3 33. Bf4+
1-0

[Event "Lalevitch 2011"]
[Site "CRELEL"]
[Date "2011.10.07"]
[Round "4"]
[White "Depaz, Charles-Eric"]
[Black "Wilket, Andre"]
[Result "0-1"]
[WhiteElo "1150"]
[BlackElo "1449"]
[PlyCount "74"]
[EventDate "2011.??.??"]

1. e4 d5 2. exd5 Qxd5 3. Nc3 Qa5 4. Nf3 Nf6 5. d4 e6 6. Bf4 Bd6 7. Bb5+ Bd7 8.
Bxd7+ Nbxd7 9. Bg5 Ne4 10. Bd2 Nxc3 11. bxc3 Qd5 12. O-O O-O 13. Re1 f6 14. Nh4
Rae8 15. Qg4 f5 16. Qh5 Nf6 17. Qe2 Ne4 18. Rab1 a6 19. Rb3 b5 20. Reb1 c5 21.
c4 Qxd4 22. cxb5 Nxd2 23. Rd3 Qxh4 24. Rxd6 Nxb1 25. Rxe6 Qd8 26. h3 Nc3 27.
Qc4 Qd5 28. Qxd5 Nxd5 29. Rxa6 Rb8 30. c4 Nb6 31. Ra3 Nxc4 32. Rc3 Nd6 33. Rxc5
Rxb5 34. Rc2 Ra5 35. g3 g6 36. Kg2 Rfa8 37. h4 Rxa2 0-1

[Event "Lalevitch 2011"]
[Site "CRELEL"]
[Date "2011.10.21"]
[Round "6"]
[White "De Vettor, Marc"]
[Black "Wilket, Andre"]
[Result "1-0"]
[WhiteElo "1716"]
[BlackElo "1444"]
[PlyCount "99"]
[EventDate "2011.??.??"]

1. c4 e5 2. g3 Nf6 3. Bg2 d5 4. cxd5 Nxd5 5. Qa4+ c6 6. a3 Nb6 7. Qc2 Bd6 8.
Nc3 O-O 9. e4 Be6 10. Nge2 Qf6 11. O-O Na6 12. b4 Nc7 13. d3 a5 14. Be3 Nd7 15.
f4 exf4 16. Nxf4 Qe7 17. Nxe6 Qxe6 18. Qb2 axb4 19. axb4 Ne5 20. Rad1 Na6 21.
Ne2 Nxb4 22. Nf4 Qe7 23. Qc3 Na2 24. Qb2 Bb4 25. Bd4 Rfe8 26. Ra1 Qd6 27. Rxa2
Rxa2 28. Qxa2 Qxd4+ 29. Kh1 Rf8 30. Bh3 Kh8 31. Qb3 b6 32. Ne2 Qd6 33. d4 Nd7
34. Rxf7 Nf6 35. Rxf8+ Qxf8 36. Qe6 Qe8 37. Qxe8+ Nxe8 38. Bd7 Nd6 39. Bxc6 Kg8
40. Kg2 Kf8 41. Kf3 Ke7 42. Nf4 Ba5 43. Nd5+ Ke6 44. Nc7+ Ke7 45. d5 Bc3 46.
Bb5 Be5 47. Bd3 Kf6 48. Ne6 g5 49. Nf8 h6 50. Nd7+ 1-0